| 000 | 00452nam a22001577a 4500 | ||
|---|---|---|---|
| 020 | _a9789697980090 | ||
| 082 |
_a617 _bDOG |
||
| 100 |
_aDogar, Abdul Wahab _9113481 |
||
| 245 |
_aA Comprehensive Approach to the Principles of General Surgery / _cAbdul Wahab Dogar |
||
| 250 | _a4th Edition. | ||
| 260 |
_aKarachi : _bFarooq Kitab Ghar, _c2016. |
||
| 300 |
_a280 p. ; _bill, _c27 cm. |
||
| 563 | _aPBK. | ||
| 650 |
_aSurgery _9113386 |
||
| 942 |
_2ddc _cBK |
||
| 999 |
_c595171 _d595171 |
||